| 000 | 00610nam a2200205Ia 4500 | ||
|---|---|---|---|
| 003 | GCL | ||
| 008 | 140319s9999 xx 000 0 ara d | ||
| 040 |
_aGCL / _cGCL |
||
| 082 | 0 | 4 |
_a239 _bد م |
| 100 | 1 | _aعبدالحليم محمود | |
| 245 | 1 | 0 |
_aمحمد رسول الله / _cعبدالحليم محمود |
| 700 | 1 | _aدينيه، اتيين | |
| 700 | 1 | _aسليمان ابراهيم الجزائرى | |
| 700 | 1 | _aمحمد عبدالحليم محمود | |
| 300 | _a349 ص | ||
| 490 |
_a100 قصة _v0 |
||
| 650 | 0 | 4 | _aالاسلام |
| 650 | 0 | 4 | _aالسيرة النبوية |
| 942 |
_2ddc _cBK |
||
| 999 |
_c45619 _d45619 |
||